Can You Name All the Los Angeles Lakers Retired Numbers? - Statistics

General Stats
  • This quiz has been taken 565 times
  • The average score is 8 of 11
Answer Stats
Number Player % Correct
8 Kobe Bryant
92%
24 Kobe Bryant
92%
32 Earvin 'Magic' Johnson
82%
44 Jerry West
79%
34 Shaquille O'Neal
77%
22 Elgin Baylor
71%
13 Wilt Chamberlain
71%
42 James Worthy
65%
33 Kareem Abdul-Jabbar
61%
25 Gail Goodrich
38%
52 Jamaal Wilkes
23%
No matching quizzes found
Score Distribution
Percent of People with Each Score
Percentile by Number Answered
Your Score History
You have not taken this quiz